| 000 | 00551nam a22001337a 4500 | ||
|---|---|---|---|
| 082 |
_a322.10954914 _bREP |
||
| 100 | _aPunjab (Pakistan). Court of Inquiry; | ||
| 245 |
_aReport of the Court of Inquiry constituted under Punjab act II of 1954 to enquire into the Punjab disturbances of 1953 commonly known as Munir Inquiry Report _cPunjab (Pakistan). Court of Inquiry; |
||
| 260 |
_aLahore: _bNiazamana publications; _c2007. |
||
| 300 | _a574p. | ||
| 563 | _aHB | ||
| 650 |
_aPakistan--Punjab _aPolitics and government _9118596 |
||
| 942 |
_2ddc _cBK |
||
| 999 |
_c606790 _d606790 |
||